Raiders of the Lost Ark: Quotes to Characters - Statistics

General Stats
  • This quiz has been taken 42 times
  • The average score is 6 of 8
Answer Stats
Hint Answer % Correct
I don't know I'm making this up as I go Indiana Jones
97%
you're gonna get more than you bargained for. I'm your goddamn partner! Marion
92%
Again, we see there is nothing you can possess which I cannot take away Belloq
86%
I'm afraid we must be going now, Dr. Jones. Our prize is awaited in Berlin Dietrich
81%
Throw me the idol Satipo
78%
No one knows its secrets. It's like nothing you've ever gone after before Brody
64%
I'm so pleased you're not dead Sallah
58%
Fräulein Ravenwood, let me show you what I am used to... Toht
56%
No matching quizzes found
Score Distribution
Percent of People with Each Score
Percentile by Number Answered
Your Score History
You have not taken this quiz